000 00946nas a2200325 4500
001 BR0404687
003 BR-BrBNA
005 20231205104853.0
007 ta
008 230509b bl.|||p| |||| 00| 00por d
040 _aBR-BrBNA
_bpor
_cBiblioteca Nacional de Agricultura
041 _a(Pt)
072 _aL70
100 1 _aLobato, F.C.F.
100 1 _aAssis, R.A. de
100 1 _aBalsamão, G.M.
100 1 _aAbreu, V.L.V. de
100 1 _aNascimento, R.A.P. do
100 1 _aNeves, R.D.
245 1 _aEficácia de vacinas comerciais contra clostridioses frente ao desafio com Clostridium sordellii
650 _aBOVINO
650 _aVACINA
650 _aBACTÉRIA
650 _aIMUNIZAÇÃO
650 _aVETERINÁRIA
650 _aMINAS GERAIS
773 0 _tCiência Rural (Brazil)
_xISSN 0103-8478
_g(Mar-Apr 2004), v. 34(2) p. 439-442
_wBR0404687
909 _a202311
_bLúcia
_c55
_dLúcia Elande
942 _2AGRIS
_n0
_cANA
999 _c180064
_d180064